[Event "Olympiad Women-44"]
[Site "Chennai"]
[Date "2022.07.29"]
[Round "1.1"]
[White "Park, Sunwoo"]
[Black "Belenkaya, Dina"]
[Result "1-0"]
[WhiteElo "1773"]
[BlackElo "2256"]
[PlyCount "75"]
[EventDate "2022.07.29"]
[EventType "team-swiss"]
[EventRounds "11"]
[EventCountry "IND"]
[SourceTitle "CBM 210"]
[Source "ChessBase"]
[SourceDate "2022.10.31"]
[SourceVersion "1"]
[SourceVersionDate "2022.10.31"]
[SourceQuality "1"]
[WhiteTeam "South Korea (W)"]
[BlackTeam "Israel (W)"]
[WhiteTeamCountry "KOR"]
[BlackTeamCountry "ISR"]

1. e4 c6 2. d4 d5 3. e5 Bf5 4. Nf3 e6 5. Bd3 Bxd3 6. Qxd3 Qa5+ 7. c3 Qa6 8. Qc2 c5 9. dxc5 Bxc5 10. b4 Be7 11. Be3 Nd7 12. a4 Rc8 13. b5 Qa5 14. 0-0 h5 15. Rc1 Nh6 16. Nbd2 Nf5 17. Qd3 Bc5 18. c4 d4 19. Nb3 Qc7 20. Bd2 Nxe5 21. Nxe5 Qxe5 22. Re1 Qf6 23. Nxc5 Rxc5 24. Bb4 Rc7 25. c5 0-0 26. c6 Rb8 27. Ba5 b6 28. Bd2 Re8 29. a5 Ne7 30. axb6 axb6 31. Bb4 e5 32. Bxe7 Qxe7 33. h3 Qd8 34. Ra4 Qd5 35. Rxd4 Qe6 36. Rd6 Qc8 37. Rd7 g6 38. Qd6 1-0

[Event "Eastern Asia-ch U20 Girls"]
[Site "Gangneung"]
[Date "2018.08.06"]
[Round "5.1"]
[White "Kim, Yubin"]
[Black "Park, Sunwoo"]
[Result "0-1"]
[WhiteElo "1729"]
[BlackElo "1799"]
[PlyCount "80"]
[EventDate "2018.08.02"]
[EventType "tourn"]
[EventRounds "7"]
[EventCountry "KOR"]
[SourceTitle "EXT 2024"]
[Source "ChessBase"]
[SourceDate "2023.10.10"]
[SourceVersion "1"]
[SourceVersionDate "2023.10.10"]
[SourceQuality "1"]

1. e4 c5 2. Nf3 Nc6 3. Nc3 e6 4. d4 cxd4 5. Nxd4 Qc7 6. Be3 a6 7. a3 Nf6 8. Be2 b5 9. Nxc6 dxc6 10. 0-0 Be7 11. Bf3 0-0 12. Qe2 Bb7 13. Rfd1 Rfd8 14. h3 c5 15. Bd2 Nd7 16. Rac1 Ne5 17. Bf4 Bd6 18. Be3 Rd7 19. b3 Rad8 20. Bd2 Nxf3+ 21. gxf3 Be5 22. Be1 Bd4 23. Qf1 e5 24. a4 b4 25. Ne2 Rd6 26. c3 Rg6+ 27. Kh2 bxc3 28. Bxc3 Qe7 29. Ng3 Qh4 30. Bxd4 cxd4 31. Qg2 Bc8 32. Rh1 Qf4 33. Rc7 d3 34. Rhc1 Be6 35. Qf1 d2 36. Rb1 Qxf3 37. Ra7 h6 38. Ne2 d1Q 39. Ra8 Qxb1 40. Rxd8+ Kh7 0-1